[Event "POL-chT2"]
[Site "Augustow"]
[Date "1997.??.??"]
[Round "?"]
[White "Mackowski, Pawel"]
[Black "Voronov, Vadim"]
[Result "1-0"]
[WhiteElo "1800"]
[BlackElo "2000"]
[PlyCount "91"]
[EventDate "1997.??.??"]
[EventType "team"]
[EventRounds "9"]
[EventCountry "POL"]
[SourceTitle "EXT 2003"]
[Source "ChessBase"]
[SourceDate "2002.11.25"]
[SourceVersion "1"]
[SourceVersionDate "2002.11.25"]
[SourceQuality "1"]

1. e4 e5 2. Nf3 Nc6 3. d4 exd4 4. Bc4 Nf6 5. 0-0 Bc5 6. e5 d5 7. exf6 dxc4 8. Re1+ Be6 9. Ng5 Bf8 10. fxg7 Bxg7 11. Qh5 Kd7 12. Nxe6 fxe6 13. Na3 Qf6 14. Qg5 Rhf8 15. Qxf6 Rxf6 16. Bg5 Rf5 17. Bh4 Ne5 18. Bg3 c5 19. Bxe5 Bxe5 20. Nxc4 Bc7 21. a4 h5 22. Re4 Raf8 23. f3 a6 24. a5 Rf4 25. Rae1 Rxe4 26. Rxe4 Rf4 27. Ne5+ Bxe5 28. Rxe5 Rf5 29. Rxf5 exf5 30. b3 f4 31. Kf2 Ke6 32. g3 Kf5 33. Ke2 Kg5 34. Kd3 fxg3 35. hxg3 h4 36. gxh4+ Kxh4 37. Ke4 Kg5 38. Ke5 Kg6 39. f4 Kf7 40. Kd5 Kf6 41. Kxc5 Kf5 42. Kxd4 Kxf4 43. c4 Kf5 44. Kd5 Kf6 45. Kd6 Kf7 46. Kc7 1-0